Animaux par images A-Z #2 - Statistiques

Statistiques générales
  • Ce quiz a été pris 41 096 fois
    40 543 depuis la dernière actualisation
  • Le résultat moyen est 11 sur 24
Statistiques - réponses
Par images Hint Réponse % Correct
C Caméléon
96%
K Kangourou
91%
B Bison
87%
R Raton laveur
80%
F Fennec
76%
P Phasme
72%
O Orang-outan
70%
S Sardine
68%
G Gnou
58%
A Axolotl
56%
M Murène
52%
E Émeu
49%
L Lamantin
47%
D Diable de Tasmanie
37%
Z Zébu
37%
I Impala
26%
N Nautile
25%
W Wombat
24%
V Vison
20%
H Harfang des neiges
17%
Q Quokka
14%
T Tarsier
13%
J Jaguarondi
4%
U Unau
4%
Aucun quiz correspondant
Distribution des résultats
% des personnes avec chaque résultat
Percentile par nombre de réponses
Votre historique - résultats
Vous n’avez pas pris ce quiz depuis la dernière actualisation